Giáo trình khoa học hàng hóa (Dùng trong các trường THCN Hà Nội)
Nội dung giáo trình trình bày về chất lượng và những vấn đề liên quan đến chất lượng và những vấn đề liên quan đến chất lượng hàng hóa giúp các cán bộ quản lý, cán bộ kinh doanh hiểu về hàng hóa để kinh doanh đạt hiệu quả trên thưo...
保存先:
| 第一著者: | |
|---|---|
| フォーマット: | 図書 |
| 言語: | Undetermined |
| 出版事項: |
Hà Nội
Nhà xuất bản Hà Nội
2005
|
| 主題: | |
| タグ: |
タグ追加
タグなし, このレコードへの初めてのタグを付けませんか!
|
| Thư viện lưu trữ: | Trung tâm Học liệu Trường Đại học Cần Thơ |
|---|
| LEADER | 01097nam a2200217Ia 4500 | ||
|---|---|---|---|
| 001 | CTU_106265 | ||
| 008 | 210402s9999 xx 000 0 und d | ||
| 020 | |c 60000 | ||
| 082 | |a 658.562 | ||
| 082 | |b Th523 | ||
| 100 | |a Phan, Thị Thúy | ||
| 245 | 0 | |a Giáo trình khoa học hàng hóa | |
| 245 | 0 | |b (Dùng trong các trường THCN Hà Nội) | |
| 245 | 0 | |c Phan Thị Thúy chủ biên | |
| 260 | |a Hà Nội | ||
| 260 | |b Nhà xuất bản Hà Nội | ||
| 260 | |c 2005 | ||
| 520 | |a Nội dung giáo trình trình bày về chất lượng và những vấn đề liên quan đến chất lượng và những vấn đề liên quan đến chất lượng hàng hóa giúp các cán bộ quản lý, cán bộ kinh doanh hiểu về hàng hóa để kinh doanh đạt hiệu quả trên thương trường luôn sôi động và đầy khắc nghiệt | ||
| 650 | |a Quality control | ||
| 904 | |i Năm (Nguyên sửa) | ||
| 980 | |a Trung tâm Học liệu Trường Đại học Cần Thơ | ||